[Event "ChessOrg-Schachfestival 2022-Senioren"]
[Site "Bad Woerishofen"]
[Date "2022.03.16"]
[Round "6.42"]
[White "Wraga, Teresa"]
[Black "Plischke, Berthold"]
[Result "0-1"]
[WhiteElo "1553"]
[BlackElo "1929"]
[PlyCount "54"]
[EventDate "2022.??.??"]
[WhiteTeam "SC Ammersee"]
[BlackTeam "SV Wesel 1928 e.V."]

1. e4 e6 2. d3 d5 3. Nd2 Nc6 4. Ngf3 e5 5. g3 Bg4 6. Bg2 Qd7 7. O-O dxe4 8.
dxe4 O-O-O 9. c3 h5 10. Qc2 Be7 11. Nc4 Qe6 12. Ne3 Bh3 13. Nf5 Bxg2 14. Kxg2
h4 15. g4 h3+ 16. Kh1 g6 17. Nxe7+ Ncxe7 18. Rg1 f5 19. gxf5 gxf5 20. Bg5 Nf6
21. exf5 Qc6 22. Qe2 Rhf8 23. Bxf6 Rxf6 24. Rg3 Rxf5 25. Kg1 Rdf8 26. Nxe5 Qe6
27. Rf3 Rxf3 0-1

[Event "ChessOrg-Schachfestival 2022-Senioren"]
[Site "Bad Woerishofen"]
[Date "2022.03.17"]
[Round "7.1"]
[White "Koehler, Gerhard"]
[Black "Kierzek, Matthias"]
[Result "1/2-1/2"]
[WhiteElo "2208"]
[BlackElo "2209"]
[PlyCount "71"]
[EventDate "2022.??.??"]
[WhiteTeam "USV Halle"]
[BlackTeam "SC Fulda"]

1. c4 e5 2. g3 c6 3. d4 e4 4. Nc3 d5 5. Bg2 h6 6. Nh3 Nf6 7. f3 exf3 8. exf3
dxc4 9. O-O Be7 10. Re1 O-O 11. Qe2 Qxd4+ 12. Be3 Qd3 13. Qxd3 cxd3 14. Nf2 Bf5
15. Rad1 Re8 16. Nxd3 Nbd7 17. Bf1 Bd8 18. b4 Rxe3 19. Rxe3 Bb6 20. Rde1 Re8
21. Kf2 Rxe3 22. Rxe3 Bxe3+ 23. Kxe3 Kf8 24. h4 Ke7 25. g4 Be6 26. Nf4 Nd5+ 27.
Nfxd5+ Bxd5 28. Nxd5+ cxd5 29. Kd4 Kd6 30. f4 Nf8 31. f5 Nh7 32. Bg2 Nf6 33. g5
hxg5 34. hxg5 Nh7 35. Bxd5 b6 36. g6 1/2-1/2

[Event "ChessOrg-Schachfestival 2022-Senioren"]
[Site "Bad Woerishofen"]
[Date "2022.03.17"]
[Round "7.2"]
[White "Rubke, Manfred"]
[Black "Babar, Michael"]
[Result "1/2-1/2"]
[WhiteElo "2095"]
[BlackElo "2151"]
[PlyCount "104"]
[EventDate "2022.??.??"]
[WhiteTeam "TSV Haunstetten"]
[BlackTeam "SC Hansa Dortmund e.V."]

1. c4 f5 2. Nf3 Nf6 3. Nc3 g6 4. g3 Bg7 5. Bg2 O-O 6. d4 d6 7. O-O c6 8. Qc2
Na6 9. a3 Kh8 10. Bd2 Qe8 11. Qc1 e5 12. Bh6 e4 13. Bxg7+ Kxg7 14. Ne1 Qf7 15.
b3 Nc7 16. f3 d5 17. c5 Ne6 18. Nc2 Qc7 19. f4 h5 20. h4 b6 21. b4 Ba6 22. Qd2
Rfd8 23. Rfc1 Bc4 24. e3 Rab8 25. Rab1 Bd3 26. Bf1 Bxc2 27. Rxc2 bxc5 28. bxc5
Rxb1 29. Nxb1 Rb8 30. Rb2 Ng4 31. Rxb8 Qxb8 32. Nc3 Qb3 33. a4 Kf6 34. Be2 Ke7
35. Bd1 Qb7 36. Na2 Kd7 37. Nc1 Nc7 38. Na2 Na6 39. Kf1 Qb1 40. Ke2 Nh2 41. Qc2
Qb7 42. Qb3 Qxb3 43. Bxb3 Kc7 44. Bd1 Kb7 45. Ke1 Nc7 46. Nb4 a5 47. Na2 Na6
48. Be2 Nb4 49. Nc3 Ng4 50. Bxg4 Nd3+ 51. Ke2 hxg4 52. Nd1 Nc1+ 1/2-1/2

[Event "ChessOrg-Schachfestival 2022-Senioren"]
[Site "Bad Woerishofen"]
[Date "2022.03.17"]
[Round "7.3"]
[White "Krueger, Norbert"]
[Black "Mueller, Erich"]
[Result "1/2-1/2"]
[WhiteElo "1946"]
[BlackElo "2138"]
[PlyCount "119"]
[EventDate "2022.??.??"]
[WhiteTeam "Ratinger SK 1950"]
[BlackTeam "SK 1962 Ladenburg"]

1. e4 c5 2. c3 Nf6 3. e5 Nd5 4. d4 cxd4 5. cxd4 e6 6. Nf3 d6 7. Bc4 Nb6 8. Bd3
Nc6 9. Qe2 Nb4 10. O-O Nxd3 11. Qxd3 Bd7 12. Nc3 Bc6 13. Ne4 dxe5 14. Nxe5 Bxe4
15. Qxe4 Qd5 16. Qf4 f6 17. Nf3 Bd6 18. Qg4 O-O 19. Re1 Rfe8 20. Bd2 Rac8 21.
Qe4 Qxe4 22. Rxe4 Nd5 23. Rae1 Kf7 24. R4e2 Bb4 25. Bxb4 Nxb4 26. a3 Nd5 27.
Rd1 Rc6 28. h4 Rec8 29. g3 Rc1 30. Red2 Rxd1+ 31. Rxd1 Rc2 32. Rd2 Rxd2 33.
Nxd2 Ke7 34. Kf1 b5 35. Ke2 h6 36. Ne4 b4 37. axb4 Nxb4 38. Kd2 f5 39. Nc5 g5
40. hxg5 hxg5 41. Kc3 Nc6 42. b4 Kd6 43. Kc4 Ne7 44. b5 Nc8 45. Na6 Nb6+ 46.
Kd3 e5 47. dxe5+ Kxe5 48. Nb4 Nc8 49. f3 Ne7 50. Kc4 Kd6 51. Kd4 Ng6 52. Nd5
Nf8 53. Ne3 Ne6+ 54. Kc4 Ke5 55. f4+ gxf4 56. gxf4+ Kxf4 57. Nxf5 Kxf5 58. b6
axb6 59. Kb5 Nc7+ 60. Kxb6 1/2-1/2

[Event "ChessOrg-Schachfestival 2022-Senioren"]
[Site "Bad Woerishofen"]
[Date "2022.03.17"]
[Round "7.4"]
[White "Okrajek, Alexander"]
[Black "Pfitzer, Norbert"]
[Result "0-1"]
[WhiteElo "2120"]
[BlackElo "2026"]
[PlyCount "48"]
[EventDate "2022.??.??"]
[WhiteTeam "SC-Siegburg"]
[BlackTeam "SV Backnang"]

{[%evp 0,48,18,18,18,18,40,32,50,50,50,36,69,11,6,2,-3,-1,-5,-5,-3,-4,-9,-3,
-15,-11,-18,-20,-19,-28,-33,-29,-3,-24,-28,-64,-47,-50,-54,-50,-55,-198,-221,
-227,-199,-170,-170,-230,-206,-197,-197]} 1. d4 Nf6 2. Bf4 d6 3. e3 g6 4. Nf3
Bg7 5. Be2 c5 6. c3 Qb6 7. Qc1 Nh5 8. Bg3 Nxg3 9. hxg3 cxd4 10. exd4 Nd7 11.
Nbd2 Nf6 12. Nc4 Qc7 13. Ne3 Bd7 14. Rh4 Rc8 15. Qd2 b5 16. d5 h5 17. Nd4 Qc5
18. Nb3 Qb6 19. Bf3 a5 20. c4 g5 21. Rh1 g4 22. Be2 Ne4 23. Qd3 Nxf2 24. Kxf2
bxc4 0-1

[Event "ChessOrg-Schachfestival 2022-Senioren"]
[Site "Bad Woerishofen"]
[Date "2022.03.17"]
[Round "7.5"]
[White "Matzat, Andre"]
[Black "Fiedler, Wolfgang"]
[Result "1/2-1/2"]
[WhiteElo "1991"]
[BlackElo "2017"]
[PlyCount "22"]
[EventDate "2022.??.??"]
[WhiteTeam "Oberhausener SV 1887 e.V."]
[BlackTeam "SK Zirndorf e.V."]

1. d4 g6 2. Nf3 Bg7 3. g3 d6 4. Bg2 Nc6 5. O-O e5 6. dxe5 dxe5 7. Qxd8+ Nxd8 8.
Nc3 Ne6 9. a4 Bd7 10. Ne1 O-O-O 11. a5 Ne7 1/2-1/2

[Event "ChessOrg-Schachfestival 2022-Senioren"]
[Site "Bad Woerishofen"]
[Date "2022.03.17"]
[Round "7.6"]
[White "Neubauer, Bernd"]
[Black "McAndrew, Robert"]
[Result "1-0"]
[WhiteElo "2141"]
[BlackElo "1927"]
[PlyCount "85"]
[EventDate "2022.??.??"]
[WhiteTeam "ESV 1949 Eberswalde e.V."]
[BlackTeam "Gambit Bonnevoie"]

1. d4 Nf6 2. c4 g6 3. Nc3 Bg7 4. e4 d6 5. Nge2 O-O 6. f3 Nc6 7. Be3 a6 8. Qd2
Na5 9. Ng3 b5 10. Bh6 Nxc4 11. Bxc4 bxc4 12. O-O-O d5 13. e5 Ne8 14. h4 f5 15.
h5 f4 16. Bxf4 Bf5 17. Nxf5 gxf5 18. h6 Bh8 19. Bg5 Qd7 20. Rh3 Rf7 21. Rg3 Kf8
22. Qf4 Rb8 23. Bh4 Rb6 24. Rg5 Rxh6 25. Rg3 Bg7 26. Bg5 Rh5 27. Rh3 Rxh3 28.
gxh3 e6 29. h4 c5 30. h5 cxd4 31. Qxd4 h6 32. Bf4 Nc7 33. a4 Kg8 34. Rg1 Kh7
35. Ne2 Qxa4 36. Rg6 Qa1+ 37. Kc2 Qh1 38. Qf2 Qxh5 39. Rg2 Re7 40. Rh2 Qe8 41.
Qh4 Qa4+ 42. Kb1 c3 43. Qxe7 1-0

[Event "ChessOrg-Schachfestival 2022-Senioren"]
[Site "Bad Woerishofen"]
[Date "2022.03.17"]
[Round "7.7"]
[White "Daeubler, Heinrich"]
[Black "Harsch, Martin"]
[Result "1-0"]
[WhiteElo "2136"]
[BlackElo "1908"]
[PlyCount "73"]
[EventDate "2022.??.??"]
[WhiteTeam "SC Haselmuehl / Amberg"]

1. d4 d5 2. c4 c6 3. Nf3 Nf6 4. g3 Bg4 5. Bg2 e6 6. O-O Nbd7 7. Qb3 Qb6 8. c5
Qxb3 9. axb3 Be7 10. Re1 O-O 11. Nc3 Rfd8 12. h3 Bf5 13. b4 Ne4 14. g4 Bg6 15.
Bf4 Nxc3 16. bxc3 Be4 17. Bf1 a6 18. Ra2 h6 19. Nd2 Bh7 20. Nb3 Nf6 21. f3 Rd7
22. Bg2 Rad8 23. Bg3 Bg6 24. e4 Bh7 25. Bd6 Kf8 26. Nc1 Ne8 27. e5 Nc7 28. Bf1
Kg8 29. Bxe7 Rxe7 30. Nb3 Red7 31. Rd2 Ne8 32. Kf2 g5 33. Kg3 Re7 34. h4 f5 35.
exf6 Nxf6 36. hxg5 hxg5 37. Re5 1-0

[Event "ChessOrg-Schachfestival 2022-Senioren"]
[Site "Bad Woerishofen"]
[Date "2022.03.17"]
[Round "7.8"]
[White "Keller, Harald"]
[Black "Stern, Geoffrey"]
[Result "1/2-1/2"]
[WhiteElo "2041"]
[BlackElo "1930"]
[PlyCount "22"]
[EventDate "2022.??.??"]
[WhiteTeam "SV Rottweil"]
[BlackTeam "Gambit Bonnevoie"]

1. e4 e6 2. d4 d5 3. Nc3 Bb4 4. exd5 exd5 5. Bd3 c6 6. a3 Bd6 7. Nge2 Ne7 8.
O-O O-O 9. Ng3 Be6 10. Re1 Qd7 11. Bg5 Ng6 1/2-1/2

[Event "ChessOrg-Schachfestival 2022-Senioren"]
[Site "Bad Woerishofen"]
[Date "2022.03.17"]
[Round "7.9"]
[White "Klein, Gerhard"]
[Black "Lange, Manfred"]
[Result "0-1"]
[WhiteElo "1771"]
[BlackElo "2028"]
[PlyCount "50"]
[EventDate "2022.??.??"]
[WhiteTeam "Sfr.Konz-Karthaus"]
[BlackTeam "SV Wuerzburg von 1865 e.V."]

1. Nf3 d5 2. b3 Bf5 3. Bb2 Nf6 4. d3 e6 5. Nbd2 c5 6. g3 Nc6 7. Bg2 h6 8. O-O
Be7 9. Re1 Bh7 10. e4 dxe4 11. dxe4 O-O 12. c3 Qc7 13. h3 Rad8 14. Qe2 Rd7 15.
Rad1 Rfd8 16. c4 e5 17. Nxe5 Nxe5 18. f4 Nd3 19. Bxf6 Bxf6 20. e5 Nxe1 21. Bd5
Bxe5 22. fxe5 Re7 23. Qxe1 Rxe5 24. Qf2 Rde8 25. Rf1 Bg6 0-1

[Event "ChessOrg-Schachfestival 2022-Senioren"]
[Site "Bad Woerishofen"]
[Date "2022.03.17"]
[Round "7.10"]
[White "Loibl, Johann"]
[Black "Waltenberger, Udo"]
[Result "0-1"]
[WhiteElo "1762"]
[BlackElo "1977"]
[PlyCount "76"]
[EventDate "2022.??.??"]
[BlackTeam "SV Eiche Reichenbrand"]

1. e4 c5 2. b4 cxb4 3. a3 e6 4. d4 Nf6 5. Bd3 Nc6 6. Nf3 d5 7. e5 Ne4 8. O-O
Be7 9. Qe1 O-O 10. Bxe4 dxe4 11. Qxe4 Qd5 12. Qxd5 exd5 13. axb4 Nxb4 14. c3
Nc6 15. Na3 Bf5 16. Re1 Rfd8 17. Ra2 a6 18. Nc2 b5 19. Ne3 Bd3 20. Rd1 Be4 21.
Ba3 Bxa3 22. Rxa3 a5 23. Nd2 Bd3 24. Nb3 Bc4 25. Nxc4 dxc4 26. Nd2 Rab8 27.
Raa1 Kf8 28. f4 Rd5 29. Ne4 b4 30. Nd6 bxc3 31. Nxc4 Rxd4 32. Rxd4 Nxd4 33. Ne3
Rb5 34. g4 c2 35. Kf2 Rb2 36. Rc1 Rb1 37. Nxc2 Rxc1 38. Nxd4 a4 0-1

[Event "ChessOrg-Schachfestival 2022-Senioren"]
[Site "Bad Woerishofen"]
[Date "2022.03.17"]
[Round "7.11"]
[White "Schatz, Christian"]
[Black "Lechner, Otto"]
[Result "1/2-1/2"]
[WhiteElo "2122"]
[BlackElo "1845"]
[PlyCount "61"]
[EventDate "2022.??.??"]
[WhiteTeam "SC Postbauer-Heng e.V"]
[BlackTeam "TSV Wertingen 1862 SAbt"]

1. Nf3 Nf6 2. g3 c5 3. c4 g6 4. Bg2 Bg7 5. d4 cxd4 6. Nxd4 O-O 7. Nc3 Nc6 8.
O-O Nxd4 9. Qxd4 d6 10. b3 Nd7 11. Qd2 Rb8 12. Bb2 a6 13. a4 Nc5 14. Qc2 Re8
15. b4 Ne6 16. e3 Bd7 17. Nd5 Bc6 18. a5 Bxd5 19. Bxd5 Nc7 20. Bg2 Qd7 21. Rfd1
Qe6 22. Bxg7 Kxg7 23. Rd4 f5 24. Rad1 Qf6 25. h3 Ne6 26. R4d2 Rec8 27. Kh2 b5
28. axb6 Rxb6 29. Rb1 Rcb8 30. Qa2 Rxb4 31. Rxb4 1/2-1/2

[Event "ChessOrg-Schachfestival 2022-Senioren"]
[Site "Bad Woerishofen"]
[Date "2022.03.17"]
[Round "7.12"]
[White "Aigner, Georg"]
[Black "Kainz, Josef"]
[Result "0-1"]
[WhiteElo "1809"]
[BlackElo "1992"]
[PlyCount "32"]
[EventDate "2022.??.??"]
[WhiteTeam "SC Taufkirchen"]
[BlackTeam "Gratwein"]

1. e4 c5 2. Nf3 Nc6 3. d4 cxd4 4. Nxd4 Nf6 5. Nc3 e5 6. Nxc6 bxc6 7. Be2 Bb4 8.
Qd3 O-O 9. O-O Bxc3 10. bxc3 d5 11. Rd1 Nxe4 12. c4 Be6 13. cxd5 cxd5 14. Bb2
Qb6 15. Qb5 Qxf2+ 16. Kh1 Rab8 0-1

[Event "ChessOrg-Schachfestival 2022-Senioren"]
[Site "Bad Woerishofen"]
[Date "2022.03.17"]
[Round "7.13"]
[White "Kierzek, Mira"]
[Black "Laustsen, Karl-Johan"]
[Result "1-0"]
[WhiteElo "1984"]
[BlackElo "1790"]
[PlyCount "101"]
[EventDate "2022.??.??"]
[WhiteTeam "SC Fulda"]
[BlackTeam "1.FC Marktleuthen"]

1. d4 d5 2. Nf3 c6 3. Bf4 Bf5 4. e3 e6 5. c4 Nd7 6. c5 b6 7. Ba6 e5 8. Nxe5
Nxe5 9. Bxe5 Qd7 10. b4 Ne7 11. Bd3 Bxd3 12. Qxd3 Ng6 13. Bg3 Be7 14. O-O O-O
15. Nc3 f5 16. Ne2 b5 17. Rfb1 Qe6 18. a4 a6 19. Ra3 Bg5 20. Rba1 Rac8 21. axb5
axb5 22. Ra6 Qe4 23. Qxe4 fxe4 24. h3 Bh4 25. R1a2 Bxg3 26. Nxg3 Rf6 27. Ra8
Rxa8 28. Rxa8+ Kf7 29. Nh5 Re6 30. Kf1 Ne7 31. Ra7 g6 32. Nf4 Rf6 33. Rc7 Ke8
34. Kg1 g5 35. Ne2 Kf7 36. Rb7 Ke6 37. Nc3 Rf8 38. Ra7 Rb8 39. Kf1 h5 40. Ke2
g4 41. hxg4 hxg4 42. Kf1 Rf8 43. Ne2 Rh8 44. Kg1 Kf6 45. Ng3 Ke6 46. Ne2 Kf6
47. Nf4 Rh6 48. Ra8 Kf7 49. Ra6 Rh8 50. Ra7 Kf6 51. Rxe7 1-0

[Event "ChessOrg-Schachfestival 2022-Senioren"]
[Site "Bad Woerishofen"]
[Date "2022.03.17"]
[Round "7.14"]
[White "Antoniacci, Riccardo"]
[Black "Seifert, Werner"]
[Result "1/2-1/2"]
[WhiteElo "1706"]
[BlackElo "1958"]
[PlyCount "148"]
[EventDate "2022.??.??"]
[BlackTeam "SC Groebenzell"]

1. e4 e6 2. d4 d5 3. Nc3 Bb4 4. e5 Ne7 5. Qg4 c5 6. dxc5 Nbc6 7. Bb5 O-O 8.
Bxc6 Bxc3+ 9. bxc3 bxc6 10. Bg5 Qc7 11. Nf3 Ba6 12. h4 Ng6 13. Qg3 f6 14. Bf4
Nxf4 15. Qxf4 Qa5 16. Qb4 Qc7 17. Qd4 Rab8 18. h5 h6 19. Rh4 Qf7 20. Qf4 Rb2
21. Kd2 Bc4 22. exf6 Qxf6 23. Qxf6 Rxf6 24. Kc1 Rxa2 25. Rxa2 Bxa2 26. Ra4 Bc4
27. Rxa7 Rf7 28. Ra8+ Rf8 29. Rxf8+ Kxf8 30. Nd4 Bf1 31. g3 Ke8 32. Nxc6 Be2
33. Kd2 Bxh5 34. Ke3 Bd1 35. Kd4 Bxc2 36. Ke5 Kd7 37. Nd4 Bf5 38. f4 Bg4 39.
Nc2 Kc6 40. Ne3 Bh3 41. Kd4 Bf5 42. c4 Be4 43. Ng4 Bg2 44. Ne5+ Kc7 45. cxd5
Bxd5 46. Nf7 Kc6 47. Nd6 Bb3 48. Ne8 g5 49. fxg5 hxg5 50. Nf6 Bd1 51. Ne4 g4
52. Ke5 Bf3 53. Ng5 Kxc5 54. Nxe6+ Kc4 55. Nf4 Kc3 56. Nh5 Kd3 57. Kf4 Ke2 58.
Nf6 Kf2 59. Nxg4+ Kg2 60. Ne3+ Kf2 61. Nf1 Be2 62. Nd2 Bd1 63. Ne4+ Kg2 64. Ng5
Bh5 65. Ne6 Bd1 66. Nc5 Be2 67. Ne4 Bf3 68. Nf6 Kf2 69. Ng4+ Kg2 70. Nf6 Kf2
71. Nh7 Bd1 72. Ng5 Be2 73. Ne4+ Kg2 74. Ke3 Bf3 1/2-1/2

[Event "ChessOrg-Schachfestival 2022-Senioren"]
[Site "Bad Woerishofen"]
[Date "2022.03.17"]
[Round "7.15"]
[White "Zoll, Detlef"]
[Black "Kurpiela, Franz"]
[Result "1-0"]
[WhiteElo "1914"]
[BlackElo "1748"]
[PlyCount "43"]
[EventDate "2022.??.??"]
[WhiteTeam "ESV 1949 Eberswalde e.V."]
[BlackTeam "TSG OEhringen"]

1. d4 Nf6 2. Nc3 e6 3. e4 Bb4 4. e5 Nd5 5. Qg4 Bxc3+ 6. bxc3 Rg8 7. Bd3 g6 8.
Bg5 Ne7 9. Qh4 h5 10. Nf3 d6 11. O-O b6 12. d5 exd5 13. Rfe1 Be6 14. Nd4 dxe5
15. Rxe5 Qd6 16. Rae1 Nd7 17. Rxe6 fxe6 18. Bxe7 g5 19. Qxh5+ Kxe7 20. Qh7+ Kf6
21. Rxe6+ Qxe6 22. Qh6+ 1-0

[Event "ChessOrg-Schachfestival 2022-Senioren"]
[Site "Bad Woerishofen"]
[Date "2022.03.17"]
[Round "7.16"]
[White "Bjorgvik, Jan Arne"]
[Black "Trefzer, Erhard"]
[Result "0-1"]
[WhiteElo "1771"]
[BlackElo "1896"]
[PlyCount "80"]
[EventDate "2022.??.??"]
[WhiteTeam "Direktmitglied NSF"]
[BlackTeam "SV Besigheim"]

1. e4 d6 2. d4 Nf6 3. Nc3 g6 4. Nf3 Bg7 5. Bc4 Bg4 6. h3 Bxf3 7. Qxf3 Nc6 8.
Bb5 O-O 9. Bxc6 bxc6 10. O-O Nd7 11. Rd1 Rb8 12. b3 c5 13. dxc5 Nxc5 14. Bb2 e6
15. Na4 Nxa4 16. Bxg7 Kxg7 17. bxa4 Qf6 18. Qxf6+ Kxf6 19. Rab1 Rb6 20. Rb3
Rfb8 21. Kf1 Ke5 22. f3 Rb4 23. Ke2 R8b6 24. Rdb1 Rxa4 25. Rxb6 axb6 26. Rb2 f5
27. exf5 exf5 28. c3 g5 29. g3 h5 30. Kd3 d5 31. Re2+ Kd6 32. Rb2 h4 33. g4
fxg4 34. hxg4 Ke5 35. Ke2 Ra3 36. Rc2 b5 37. Kf2 c6 38. Re2+ Kf4 39. Rc2 h3 40.
Re2 Rxc3 0-1

[Event "ChessOrg-Schachfestival 2022-Senioren"]
[Site "Bad Woerishofen"]
[Date "2022.03.17"]
[Round "7.17"]
[White "Zwetz, Anita"]
[Black "Eibl, Guenter"]
[Result "1-0"]
[WhiteElo "1859"]
[BlackElo "1736"]
[PlyCount "61"]
[EventDate "2022.??.??"]
[WhiteTeam "TSV Kareth-Lappersdorf"]
[BlackTeam "SF Muenchen"]

1. d4 d5 2. Nf3 Nf6 3. Bg5 e6 4. e3 c5 5. c3 h6 6. Bf4 Qb6 7. Qc1 Nc6 8. Nbd2
Bd7 9. Bd3 Be7 10. h3 Rc8 11. Bc2 O-O 12. O-O Rfd8 13. Rb1 cxd4 14. exd4 Nh5
15. Be3 Bd6 16. Re1 Qc7 17. Nf1 Bf8 18. g4 Nf6 19. g5 hxg5 20. Bxg5 Be7 21. Ne5
Nh5 22. Bxe7 Nxe7 23. Qg5 Nf6 24. Re3 Nf5 25. Bxf5 exf5 26. Rg3 Ne8 27. Nxd7
Qxd7 28. Re1 f6 29. Qg6 Rc6 30. Rge3 Qf7 31. Rxe8+ 1-0

[Event "ChessOrg-Schachfestival 2022-Senioren"]
[Site "Bad Woerishofen"]
[Date "2022.03.17"]
[Round "7.18"]
[White "Vonach, Bernhard"]
[Black "Schestak, Herbert"]
[Result "1/2-1/2"]
[WhiteElo "1824"]
[BlackElo "1713"]
[PlyCount "47"]
[EventDate "2022.??.??"]
[WhiteTeam "SF Windach"]

1. Nf3 d5 2. d4 Nf6 3. b3 Bf5 4. Bb2 e6 5. e3 Nbd7 6. Bd3 Bg6 7. Bxg6 hxg6 8.
Nbd2 c6 9. Qe2 Qc7 10. c4 a5 11. c5 b6 12. cxb6 Qxb6 13. Rc1 a4 14. O-O axb3
15. axb3 Be7 16. Ne5 c5 17. Nxd7 Kxd7 18. dxc5 Bxc5 19. Rfd1 Ke7 20. Rc2 Bd6
21. f4 Rhc8 22. Rdc1 Rxc2 23. Rxc2 Qa6 24. Kf2 1/2-1/2

[Event "ChessOrg-Schachfestival 2022-Senioren"]
[Site "Bad Woerishofen"]
[Date "2022.03.17"]
[Round "7.19"]
[White "Mueller, Thomas"]
[Black "Strohbusch, Frank"]
[Result "1/2-1/2"]
[WhiteElo "1980"]
[BlackElo "1762"]
[PlyCount "69"]
[EventDate "2022.??.??"]
[WhiteTeam "SV Schoemberg"]
[BlackTeam "SK Freising"]

1. d4 f5 2. g3 g6 3. Bg2 Bg7 4. Nf3 Nf6 5. c4 O-O 6. Nc3 d6 7. d5 e5 8. e4 Nh5
9. h3 f4 10. g4 Nf6 11. a3 a5 12. Rb1 h6 13. b4 b6 14. Nd2 Bd7 15. Nb5 Na6 16.
Rb3 Qe8 17. Qe2 Qe7 18. Bb2 c6 19. dxc6 Bxc6 20. O-O axb4 21. axb4 Nc7 22. Rc1
Qd7 23. Bf1 Rfd8 24. Rbc3 Ra2 25. R1c2 Ne6 26. Qd3 Ng5 27. f3 Nf7 28. c5 Bxb5
29. Qxb5 Qxb5 30. Bxb5 dxc5 31. bxc5 Ra5 32. Bf1 Rxc5 33. Rxc5 bxc5 34. Nb3 Bf8
35. Bc4 1/2-1/2

[Event "ChessOrg-Schachfestival 2022-Senioren"]
[Site "Bad Woerishofen"]
[Date "2022.03.17"]
[Round "7.20"]
[White "Goris, Ton"]
[Black "Kumeth, Hartmut"]
[Result "1-0"]
[WhiteElo "1952"]
[BlackElo "1723"]
[PlyCount "69"]
[EventDate "2022.??.??"]
[BlackTeam "SK Union Oldenburg"]

1. d4 Nf6 2. f3 d5 3. e4 dxe4 4. Nc3 exf3 5. Nxf3 e6 6. Bc4 c6 7. O-O b5 8. Bd3
Bb7 9. Bg5 Be7 10. Qe2 h6 11. Bh4 Nbd7 12. Rad1 Nd5 13. Nxd5 Bxh4 14. Nxh4 cxd5
15. Nf5 O-O 16. Nd6 Bc6 17. Nxf7 Rxf7 18. Qxe6 Nf6 19. Qxc6 Rc8 20. Qe6 Qe8 21.
Qxe8+ Nxe8 22. Bxb5 Rxf1+ 23. Rxf1 Nf6 24. Bd3 Rb8 25. b3 Re8 26. h3 Re7 27.
Kf2 Nd7 28. Re1 Rf7+ 29. Kg3 Rf6 30. Re7 Rd6 31. Bf5 Nf6 32. Rxa7 Ne4+ 33. Bxe4
dxe4 34. c3 Rg6+ 35. Kf4 1-0

[Event "ChessOrg-Schachfestival 2022-Senioren"]
[Site "Bad Woerishofen"]
[Date "2022.03.17"]
[Round "7.21"]
[White "Sakowski, Christian"]
[Black "Walther, Reinhard"]
[Result "0-1"]
[WhiteElo "1745"]
[BlackElo "1945"]
[PlyCount "84"]
[EventDate "2022.??.??"]
[WhiteTeam "Schachclub Muelheim 08/25 e.V."]
[BlackTeam "SK 1911 Herzogenaurach e.V."]

1. Nf3 d6 2. d4 g6 3. g3 Bg7 4. Bg2 c6 5. O-O Nf6 6. c4 Bg4 7. Nc3 Qd7 8. Re1
Na6 9. e4 h5 10. h4 Nh7 11. Be3 e5 12. Qd2 O-O-O 13. Rab1 f5 14. Nh2 f4 15.
gxf4 Qe7 16. f3 Bd7 17. fxe5 dxe5 18. d5 Bf6 19. Rf1 Bxh4 20. f4 Bg3 21. fxe5
h4 22. Bf3 Bxe5 23. Ng4 Bb8 24. Rbe1 h3 25. Kh1 Rhf8 26. Bd1 g5 27. Qe2 Nf6 28.
Nxf6 Rxf6 29. Rxf6 Qxf6 30. Rf1 Qe5 31. Qf2 g4 32. Bf4 Qg7 33. Bxb8 Nxb8 34.
Qg3 Rg8 35. Kh2 Qd4 36. Be2 Qd2 37. b3 cxd5 38. exd5 Re8 39. Qd3 Qxd3 40. Bxd3
Re3 41. Rd1 g3+ 42. Kg1 Bg4 0-1

[Event "ChessOrg-Schachfestival 2022-Senioren"]
[Site "Bad Woerishofen"]
[Date "2022.03.17"]
[Round "7.23"]
[White "Plischke, Berthold"]
[Black "Kievelitz, Bernd"]
[Result "0-1"]
[WhiteElo "1929"]
[BlackElo "1745"]
[PlyCount "88"]
[EventDate "2022.??.??"]
[WhiteTeam "SV Wesel 1928 e.V."]
[BlackTeam "SC Zitadelle Spandau 1977 e.V."]

1. e4 c5 2. d4 cxd4 3. c3 Nf6 4. e5 Nd5 5. cxd4 e6 6. Nf3 b6 7. Bg5 Be7 8. Bxe7
Qxe7 9. Nbd2 Ba6 10. Bxa6 Nxa6 11. O-O O-O 12. a3 d6 13. Ne4 dxe5 14. Nxe5 Rac8
15. f4 f6 16. Nf3 Ne3 17. Qd3 Nxf1 18. Re1 Nxh2 19. Kxh2 Nc7 20. f5 exf5 21.
Qb3+ Kh8 22. Nc3 Qd7 23. d5 Rce8 24. Rxe8 Rxe8 25. Nd4 Qd6+ 26. Kg1 Qg3 27. Nf3
Rd8 28. Qa4 Qd6 29. Qxa7 Nxd5 30. Nxd5 Qxd5 31. Qxb6 Rc8 32. a4 Qc5+ 33. Qxc5
Rxc5 34. Ne1 Rc4 35. Kf1 Rxa4 36. Nd3 g5 37. Ke2 Kg7 38. b4 f4 39. Kd2 Ra2+ 40.
Kc3 Rxg2 41. b5 Re2 42. Kc4 f3 43. b6 Re8 44. Kc5 g4 0-1

[Event "ChessOrg-Schachfestival 2022-Senioren"]
[Site "Bad Woerishofen"]
[Date "2022.03.17"]
[Round "7.24"]
[White "De Polzer, Manfredi"]
[Black "Ganslmayer, Anton"]
[Result "1/2-1/2"]
[WhiteElo "1452"]
[BlackElo "1830"]
[PlyCount "23"]
[EventDate "2022.??.??"]
[BlackTeam "SC Wangen"]

1. d4 Nf6 2. c4 e6 3. Nc3 d5 4. Nf3 Nbd7 5. g3 dxc4 6. Bg2 a6 7. O-O Be7 8. e4
O-O 9. a4 c5 10. Qe2 cxd4 11. Qxc4 dxc3 12. Qxc3 1/2-1/2

[Event "ChessOrg-Schachfestival 2022-Senioren"]
[Site "Bad Woerishofen"]
[Date "2022.03.17"]
[Round "7.27"]
[White "Wacker, Manfred"]
[Black "Desoye, Gernot"]
[Result "1/2-1/2"]
[WhiteElo "1705"]
[BlackElo "1776"]
[PlyCount "34"]
[EventDate "2022.??.??"]
[WhiteTeam "SC Lambsheim"]

1. d4 d5 2. c4 c6 3. Nf3 Nf6 4. Nc3 a6 5. cxd5 cxd5 6. e3 e6 7. Be2 Bd6 8. O-O
Nc6 9. Bd2 O-O 10. Rc1 Qe7 11. Bd3 e5 12. dxe5 Nxe5 13. Be2 Nxf3+ 14. Bxf3 Rd8
15. g3 Bc7 16. Ne2 Ne4 17. Nd4 Bb6 1/2-1/2

[Event "ChessOrg-Schachfestival 2022-Senioren"]
[Site "Bad Woerishofen"]
[Date "2022.03.17"]
[Round "7.28"]
[White "Di Lazzaro, Gabriele"]
[Black "Kelemen, Norbert"]
[Result "1/2-1/2"]
[WhiteElo "1768"]
[BlackElo "1647"]
[PlyCount "40"]
[EventDate "2022.??.??"]
[WhiteTeam "Richter - Bolzano"]
[BlackTeam "SC Weisse Dame Ulm e.V."]

1. e4 c5 2. d4 cxd4 3. c3 dxc3 4. Nxc3 Nc6 5. Nf3 Nf6 6. Bc4 e6 7. O-O a6 8. e5
Ng4 9. Qe2 d5 10. exd6 Qxd6 11. Rd1 Qb8 12. h3 Nf6 13. Bb3 Be7 14. Be3 b5 15.
Rac1 Bb7 16. Bc2 O-O 17. Bb1 Rd8 18. a3 Ne5 19. Nd4 Nc4 20. Bg5 Qe5 1/2-1/2

[Event "ChessOrg-Schachfestival 2022-Senioren"]
[Site "Bad Woerishofen"]
[Date "2022.03.17"]
[Round "7.29"]
[White "Klimpel, Siegfried"]
[Black "Bachmann, Rolf"]
[Result "1/2-1/2"]
[WhiteElo "1754"]
[BlackElo "1896"]
[PlyCount "84"]
[EventDate "2022.??.??"]
[WhiteTeam "TSV Kareth-Lappersdorf"]
[BlackTeam "Hsg Hamm"]

{[%evp 0,65,32,8,47,34,39,44,52,40,63,37,79,79,103,76,103,79,99,37,48,52,38,
-52,-52,-287,-239,-241,-221,-224,-232,-232,-232,-222,-224,-224,15,-25,71,71,87,
120,147,-139,277,322,528,596,596,231,295,250,250,106,0,108,34,0,0,-267,-248,
-279,-297,-297,-214,-352,-211,-311]} 1. e4 c5 2. Nc3 Nc6 3. Bb5 Nd4 4. Nf3 Nxb5
5. Nxb5 a6 6. Nc3 b5 7. d4 cxd4 8. Qxd4 Bb7 9. Bg5 f6 10. Bh4 e6 11. e5 Rc8 12.
O-O Rc4 13. exf6 gxf6 14. Qd3 Bxf3 15. Qxf3 Rxh4 16. Rad1 f5 17. Rfe1 Qg5 18.
Qa8+ Kf7 19. Rxd7+ Ne7 20. Qxa6 Rh6 21. Qxb5 Bg7 22. Ne4 Qf4 23. Nd6+ Kf6 24.
h3 Rg6 25. Qe2 e5 26. g3 Ke6 27. Kh2 Qb4 28. c3 Qb8 29. Rb7 Qxd6 30. Rd1 Qc6
31. Rdd7 Bf6 32. Rbc7 Qe4 33. Qa6+ Kf7 34. Qb6 h5 35. Qb3+ Kg7 36. Qe6 Re8 37.
a4 h4 38. g4 fxg4 39. Rxe7+ Rxe7 40. Rxe7+ Bxe7 41. Qxe7+ Kg8 42. Qe8+ Kg7
1/2-1/2